[Event "Turnier 40 / 120"]
[Site "Wien"]
[Date "2024.10.09"]
[Round "26"]
[White "Mephisto Berlin 68000"]
[Black "Fidelity Designer 2325"]
[Result "1-0"]
[BlackElo "2114"]
[WhiteElo "2128"]

{Analyse: ----> Stockfish 16} 1. e4 e6 2. d4 d5 3. Nc3 Nf6 4. Bg5 Be7 5. e5
Nfd7 6. Bxe7 Qxe7 7. f4 O-O {Buchende} 8. Nf3 c5 {Buchbewertung Fidelity
Designer 2325: +0,05} 9. dxc5 {Buchende} f6 {besser ist Sxc5} 10. Bb5
{Buchbewertung Mephisto Berlin 68000: +0,27 / besser ist exf6 mit leichtem
Vorteil für Weiss, Stockfish -0,20} fxe5 11. fxe5 Qxc5 {etwas besser ist
Sxc5, die Stellung ist im Lot, Stockfish 0,00} 12. Qe2 Nc6 13. O-O-O a6 14.
Bxc6 {besser ist Ld3, Stockfish -0,20} bxc6 15. Nd4 Nb6 16. Rhf1? {ein
schwacher Zug, klar zu bevorzugen ist Sb3 mit Ausgleich, Stockfish -1,00}
Rxf1 17. Qxf1 Nc4? {ein schwacher Zug, danach ist die Stellung wieder im
Lot, nötig ist Ld7 !} 18. Qf4 {besser ist Sa4 mit Ausgleich, Stockfish
-0,50} Nxb2??? {ein absoluter Verlustzug, danach ist die Partie klar
verloren, Stockfish -4,30, nötig ist Ld7 mit leichtem Vorteil für Schwarz}
19. Kxb2??? {so aber nicht, danach ist die Partie bereits Remis mit
Dauerschach lt. Stockfish, gewonnen hätte Tf1 !} Qb4+ 20. Kc1 Qxc3 21. Rd3
Qa1+ {Schwarz sollte lieber auf Remis spielen, mit De1+, Td1, Dc3,...} 22.
Kd2 Qg1??? {ein absoluter Verlustzug, danach ist die Partie sofort
verloren, Stockfish -6,00, nötig ist Ld7 und alles ist im Lot} 23. Rf3 h6?
{besser ist noch Dxg2, Stockfish -15,00} 24. Ne2 Qa1 25. Qf7+?? {ein ganz
schlechter Zug, der etwa 10 Bauerneinheiten ! einbüsst, sofort gewonnen
hätte g4, aber auch der Textzug gewinnt noch klar, Stockfish +4,50} Kh7 26.
Qc7 Qb1 27. Rb3 Qa1 28. Rg3 Bd7 29. Qxd7 Qxe5 30. Qxc6 Ra7 31. Re3 Qxh2 32.
g3 Qf2 33. Rxe6 Qf3 34. Re5 g6 35. Qxd5 Qf8 36. Re6 Qb4+ 37. Nc3 Rc7 38.
Qd3 Qg4 39. Rxa6 {Rest geschenkt} 1-0
[/pgn]
[pgn]

[Event "Turnier 40 / 120"]
[Site "Wien"]
[Date "2024.10.09"]
[Round "27"]
[White "Fidelity Designer 2325"]
[Black "Mephisto Berlin 68000"]
[Result "1-0"]
[BlackElo "2128"]
[WhiteElo "2114"]

{Analyse: -----> Stockfish 16} 1. e4 e5 2. Nf3 f5 3. Nxe5 Qf6 4. d4 d6 5.
Nc4 fxe4 6. Nc3 Qg6 7. Bf4 Nf6 8. Ne3 Be7 9. Qd2 c6 10. Be2 d5 11. O-O
{Buchende} O-O {Buchende} 12. f3 {Buchbewertung Fidelity Designer 2325:
-0,07} b5 {Buchbewertung Mephisto Berlin 68000: 0,00 / besser ist Le6, lt.
Stockfish steht Weiss besser mit ca. +0,70} 13. fxe4 {besser ist a3, nach
dem Textzug ist die Stellung im Lot} dxe4? {ein schlechter Zug, danach ist
Weiss klar im Vorteil, Stockfish -1,20, nötig ist b4 !} 14. a4 b4 15. Bc4+
Kh8 16. Na2??? {das ist natürlich absoluter Schwachsinn, den Springer dort
an den Rand zu ziehen was bitte soll das bringen der B-Bauer wird doch
sofort mit a5 gedeckt, selbstverständlich Se2 ! mit klarem Vorteil für
Weiss, was jeder Anfänger sofort ziehen würde, danach ist jeglicher Vorteil
dahin.} a5 17. Bc7 Bd7? {ein schlechter Zug, danach ist Weiss wieder etwas
im Vorteil, Stockfish -0,70, deutlich besser ist La6} 18. Nc1 Rc8?
{deutlich besser ist Sa6, Stockfish -1,20} 19. Be5 {besser ist Lf4,
Stockfish +0,90} c5 20. d5 Qh5?? {lt. Stockfish bereits ein klarer
Verlustzug, -2,80, nötig ist Sg4 !} 21. Bg3 Qe8 22. Nf5? {ein schlechter
Zug, der den Vorteil von Weiss etwa halbiert, Stockfish +1,40, deutlich
besser ist b3 !} Bf8? {ein schwacher Zug, klar zu bevorzugen ist Lxf5,
Stockfish -2,30} 23. b3 {etwas besser ist Se2, Stockfish +2,00} Bxf5 24.
Rxf5 Qd7? {ein schlechter Zug, danach ist die Partie bereits klar verloren,
deutlich besser ist Dg6, Stockfish -3,00} 25. Qf2 Nc6??? {ein absoluter
Verlustzug, dafür reicht die Rechentiefe anscheinend nicht aus, nach dxc6,
Dd1+, Df1, Dd4+, Kh1, Dxa1, bekommt Schwarz den Turm für den Springer, dann
folgt aber Le5 und die Partie ist verloren, Stockfish -5,50} 26. dxc6 Qd1+
27. Qf1 Qd4+ 28. Kh1 Qxa1 29. Be5 Qb1? {weit besser ist noch Dxe5, rettet
aber auch nichts mehr, Stockfish -11,00} 30. Rxf6 Qxc2 31. Rh6 Be7?
{übersieht bereits ein Matt in 8, länger überlebt noch e3, ist aber auch
schon sinnlos mit -13,00} 32. Rxh7+ {Fidelity Designer 2325:
Mattankündigung in 8 nach nur 30 Sekunden !} Kxh7 33. Qf5+ Kh6 34. Bf4+ g5
35. Qe6+ Kh5 36. g4+ Kh4 37. Bg3+ Kh3 38. Bf1+ Qg2+ 39. Bxg2# 1-0
[/pgn]
[pgn]

[Event "Turnier 40 / 120"]
[Site "Wien"]
[Date "2024.10.10"]
[Round "28"]
[White "Mephisto Berlin 68000"]
[Black "Fidelity Designer 2325"]
[Result "1-0"]
[BlackElo "2114"]
[WhiteElo "2128"]

{Analyse: -----> Stockfish 16} 1. Nf3 b5 {Buchende} 2. e4 {Buchende} b4?
{Buchbewertung Fidelity Designer 2325: -0,41 / hier haben die Buchmacher
ihren Job nicht gemacht und zu früh abgeschnitten, klar zu bevorzugen ist
Lb7, nach dem Textzug ist Weiss bereits klar im Vorteil, Stockfish -1,20}
3. Bb5? {Buchbewertung Mephisto Berlin 68000: +0,69 / auch nicht optimal,
klar vorzuziehen ist a3, Stockfish +0,60} Bb7 4. d3 Nf6 5. O-O e6 6. Bg5
{besser ist a3, nach dem Textzug ist Weiss nur noch hauchdünn im Vorteil
mit ca. +0,10} Be7 7. Nbd2 O-O 8. Qe2 h6 9. Bf4 d5 10. e5 Nh5?? {ein
grottenschlechter Zug mit dem sich der Springer in die Nesseln setzt, was
hat er dort für eine Zukunft, hat kein Rückzugsfeld mehr, danach ist Weiss
bereits klar im Vorteil, Stockfish -1,20, selbstverständlich Sfd7 ! mit
Ausgleich.} 11. Be3 c6? {deutlich besser ist c5, Stockfish -1,50} 12. Ba4
g5?? {die Misere des Sh5 entscheidet hier bereits die Partie, ein
Verlustzug, danach ist die Partie bereits klar verloren, Stockfish -3,20,
deutlich mehr Widerstand leistet noch Da5 mit ca. -1,50} 13. Nb3?? {ein
unfassbar schlechter Zug, wer würde hier nicht einfach Sxg5 ! ziehen mit
Angriff auf den Springer h5 ?, lässt den Springer entkommen und verschenkt
mehr als 2/3 des Vorteiles, Stockfish +1,00} Ng7 {na klar, da haben wir den
Salat und der Springer befreit sich aus der Misere} 14. Bc5 {besser ist
Sc5, Stockfish +0,70} a5? {ein schlechter Zug, klar zu bevorzugen ist Sd7,
Stockfish -1,30} 15. Nfd4 f6 {besser ist Sa6, Stockfish -1,80} 16. exf6
Rxf6 17. Qe5 Kh7? {danach ist die Partie bereits klar verloren, da gibt es
jede Menge deutlich bessere Züge, Lf8, Df8, Kf7, Stockfish -2,70} 18. Bxe7?
{deutlich schwächer als Tae1, Stockfish +1,90} Qxe7 19. Nc5 Rg6 {besser ist
Lc8, Stockfish -2,20} 20. Nxb7? {diesen aktiven Springer sollte Weiss nicht
gegen den passiven Läufer tauschen, Stockfish +1,50, deutlich besser ist
Sdb3} Qxb7 21. Rae1 Qb6 {besser ist Ta6, Stockfish -1,90} 22. Qe3 c5?? {ein
ganz schlechter Zug, danach ist die Partie bereits klar verloren, Stockfish
-3,20, deutlich besser ist Dc5 oder e5} 23. Nf3 Nf5 24. Qe2 Rf6 25. Ne5
Ng7? {deutlich besser ist noch Ta7 oder Dd8, Stockfish -4,30} 26. h4? {ein
schlechter Zug, der etwa 1,5 Bauerneinheiten einbüsst gegenüber c4,
Stockfish +2,80} gxh4 27. Qg4 {besser ist immer noch c4 , Stockfish +2,20}
Nf5 28. Be8 Ra7 29. Bg6+ Kh8 30. Bxf5 exf5 31. Qxh4 Rf8? {besser ist noch
Dd6 oder Tg7, Stockfish -2,80} 32. Re3 Rg7 {etwas besser ist noch Df6,
Stockfish -3,40} 33. Rh3? {ein schlechter Zug, der ca. 1,2 Bauerneinheiten
einbüsst gegenüber Tfe1, Stockfish +2,20} Kh7 34. Qf4?? {ein ganz
schlechter Zug, der den Vorteil von Weiss deutlich mehr als halbiert,
Stockfish +0,80, nötig ist immer noch Tfe1} Qf6?? {Verlustzug !, Stockfish
-2,30, nötig ist Dd6 um den Springer anzuhängen !} 35. Re1 Rfg8??? {danach
ist alles aus, Stockfish -4,50, nötig ist Sa6} 36. Rh2?? {ein ganz
schlechter Zug, der etwa 1,7 Bauerneinheiten einbüsst gegenüber g3,
Stockfish +2,80} Na6??? {ein absoluter Verlustzug, nötig ist entweder Dg5
oder Tf8, Stockfish -5,50} 37. Nf3? {verpasst den sofortigen Gewinn, für
einen Oldie aber schwierig, richtig wäre Te3 gewesen mit der Fortsetzung
und darauf kommt es an, c4, Txh6 !, halbiert in etwa den Vorteil von Weiss,
Stockfish +2,90} Nc7 38. d4 {besser ist Te5, Stockfish +2,30} c4? {deutlich
besser ist cxd4, Stockfish -3,00} 39. Re5? {deutlich besser ist Sh4,
Stockfish +2,00} Rf8?? {ganz schwach, deutlich mehr Widerstand leistet Se6,
Stockfish -3,50} 40. c3?? {ein ganz schlechter Zug, der den Vorteil von
Weiss nahezu halbiert, Stockfish +1,90,, nötig ist Sh4} bxc3? {deutlich
besser ist Se6, Stockfish -2,50} 41. bxc3 a4?? {ein absolut sinnloser Zug,
danach ist die Partie bereits klar verloren, Stockfish -4,00, deutlich
besser ist Se6, auch Sb5 oder Db6 sind noch weit besser.} 42. Qc1?
{deutlich besser ist Sh4, Stockfish +3,00} Qg6??? {ein grottenschlechter
Zug, der Weiss ja geradezu einlädt für den gewinnbringenden Angriffszug
Sh4, danach ist alles vorbei, Stockfish -5,00, deutlich besser ist Sb5 !}
43. Nh4 Qg4 44. f3 Qg5 45. Qxg5 Rxg5 46. f4 Rg6 {tatsächlich noch der beste
Zug, aber natürlich schon sinnlos hier.} 47. Nxg6 {Rest geschenkt} 1-0
[/pgn]
[pgn]

[Event "Turnier 40 / 120"]
[Site "Wien"]
[Date "2024.10.10"]
[Round "29"]
[White "Fidelity Designer 2325"]
[Black "Mephisto Berlin 68000"]
[Result "1/2-1/2"]
[BlackElo "2128"]
[WhiteElo "2114"]

{Analyse: ----> Stockfish 16} 1. c4 c6 2. Nf3 d5 3. b3 Nf6 4. g3 Bg4 5. Bg2
e6 6. Bb2 Nbd7 7. O-O Bd6 8. d3 O-O 9. Nbd2 {Buchende} Qe7 {Buchende} 10.
Rc1 {Buchbewertung Fidelity Designer 2325: -0,04} Ba3 {Buchbewertung
Mephisto Berlin 68000: 0,00 / lt. Stockfish liegen die beiden Geräte
richtig, die Stellung ist etwa gleich.} 11. Qc2 Bxb2 12. Qxb2 Rac8 13. Qc2
Nb6 14. e4 e5? {ein schwacher Zug, deutlich besser ist dxe4, Stockfish
-1,20} 15. Qc3?? {ein grottenschlechter Zug, der sogar die Vorzeichen
umkehrt, danach steht Schwarz bereits besser, Stockfish -0,70 (büsst etwa 2
Bauerneinheiten ein !), nötig ist exd5 !} Rfe8? {ein schwacher Zug, der
neuerlich die Vorzeichen umkehrt, Stockfish -0,50, nötig ist d4 !} 16. Qa5
{besser ist exd5, nach dem Textzug ist die Stellung im Lot, Stockfish 0,00}
dxe4 17. dxe4 Nbd7 18. c5 Ra8 19. Qc7 Nf8 20. Qxe7 Rxe7 21. Nc4 Bxf3 22.
Bxf3 Ne6 23. b4 Nd4 24. Kg2 b5 25. Na5 g6 26. Rfd1 Rd7 27. Rc3 Rad8 28. Ra3
Nc2 29. Rxd7 Rxd7 30. Rb3 Nd4 31. Rd3 Kg7 32. Bd1 Rd8 33. Nb7 Rd7 34. Nd6
Ne6 35. Bb3 Nd4 36. f4 Nxb3 37. fxe5 Nc1 38. exf6+ Kxf6 39. Rf3+ Ke5 40. a3
f6 41. Kf2 Na2?? {Verlustzug, danach geht der Springer nach Ke2 verloren,
Stockfish -3,00, allerdings erst nach 26 HZ !! und das ist natürlich
unmöglich für Fidelity Designer 2325} 42. h3?? {war klar, damit ist die
Partie wieder Remis} a6?? {Verlustzug, Schwarz muss natürlich die A-Linie
öffnen, um den Springer zu retten, natürlich a5 !, Stockfish -2,70} 43.
g4?? {und das gleiche nochmals, alles wieder verschenkt, Remis, natürlich
gewinnt wieder Ke2 !} h6?? {immer das gleiche Schema, verliert wieder gegen
Ke2, Stockfish -2,50, natürlich wieder a5 !} 44. Ne8?? {und zum 3x alles in
Eimer, Remis} Rf7 45. h4 Rf8 46. Nc7 Rc8 47. Nxa6 Ra8 48. Nc7 Rc8 49. Na6
Ra8 50. Nc7 Rc8 51. Na6 {Stellungswiederholung} 1/2-1/2
[/pgn]
[pgn]

[Event "Turnier 40 / 120"]
[Site "Wien"]
[Date "2024.10.11"]
[Round "30"]
[White "Mephisto Berlin 68000"]
[Black "Fidelity Designer 2325"]
[Result "1/2-1/2"]
[BlackElo "2114"]
[WhiteElo "2128"]

{Analyse: -----> Stockfish 16} 1. d4 c6 2. c4 d5 3. Nf3 Nf6 4. Nc3 dxc4 5.
a4 Bf5 6. e3 e6 7. Bxc4 Bb4 8. O-O Nbd7 {Buchende} 9. Nh4 Bg4
{Buchbewertung Fidelity Designer 2325: -0,33} 10. f3 Bh5 11. g4 Nd5 {besser
ist g5, Stockfish -0,60} 12. Ng2 Bg6 13. Na2 Bd6 {besser ist der noch im
Buch von Mephisto Berlin 68000 vorhandene Zug Le7 !} 14. e4 {Buchbewertung
Mephisto Berlin 68000: -0,27 / da unterschätzt er sich, lt. Stockfish steht
Weiss etwas besser mit ca. +0,60} N5b6 {besser ist Sc7, Stockfish -0,90}
15. Bd3? {ein schwacher Zug, Stockfish +0,30, deutlich besser ist Lb3 !} a5
16. Be3 {besser ist f4, nach dem Textzug ist Schwarz bereits leicht im
Vorteil, Stockfish -0,40} e5 {so aber nicht, danach ist Weiss wieder leicht
im Vorteil, Stockfish -0,30, nötig ist h5 !} 17. Nc3? {ein schlechter Zug,
der etwa 1 Bauerneinheit einbüsst gegenüber dxe5, Stockfish -0,80} O-O?
{ein schlechter Zug, der gleich wieder alles rückgängig macht, Stockfish
-0,30, nötig ist exd4 !} 18. Be2 {wieder ist dxe5 vorzuziehen, Stockfish
-0,30} exd4 19. Qxd4 Qc7 20. h4 Bh2+ {besser ist Lc5, Stockfish -0,50} 21.
Kh1 Be5 22. Qd2 f6 23. h5 Bf7 24. h6 g6 {besser ist g5 mit leichtem Vorteil
für Schwarz, die Stellung ist im Lot.} 25. f4 Bd6 26. g5 Be7? {ein
schlechter Zug, klar zu bevorzugen ist Tad8 mit Ausgleich, Stockfish -1,00}
27. gxf6 Bxf6? {ganz schlecht, danach ist Schwarz bereits klar auf der
Verliererstrasse, Stockfish -1,80, deutlich besser ist Sxf6} 28. e5 {besser
ist Tad1, Stockfish +1,50} Be7 29. Ne4? {ein schwacher Zug, der etwa 1
Bauerneinheit einbüsst, deutlich besser ist Lg4, Stockfish +0,50} Nc4??
{Verlustzug, danach ist die Partie bereits klar verloren, nötig ist Le6,
Stockfish -2,80} 30. Qc3 Nxe3 31. Nxe3?? {ein ganz schlechter Zug, der den
Grossteil des Vorteiles verspielt, nötig ist e6 !, Stockfish +0,60} Bb4 32.
Qd4 Nc5 33. Nxc5 Rfd8??? {absoluter Verlustzug, danach ist die Partie klar
verloren, nötig ist Tad8 mit minimalem Vorteil für Weiss, Stockfish -3,20}
34. Na6??? {so aber nicht, verschenkt auf einen Schlag einfach alles,
danach ist die Partie lt. Stockfish bereits Remis mit
Stellungswiederholung, Dc8, De4, Dh3+, Kg1, Dg3+, Kh1, Dh3+..} bxa6
{verpasst die Remischance, nach dem Textzug ist Weiss leicht im Vorteil,
Stockfish -0,30} 35. Qe4 Rd2 36. Bc4 Re8??? {ein absoluter Katastrophenzug,
danach ist die Partie sofort verloren, Stockfish -6,00, nötig ist Lxc4 mit
Ausgleich !} 37. Rad1? {ein schlechter Zug, der ca. 2 Bauerneinheiten
einbüsst gegenüber e6, dennoch steht Weiss klar auf Gewinn, Stockfish
+4,00} Rxd1 38. Rxd1 Bxc4 39. Qxc4+ Kh8?? {grottenschlecht !!, danach ist
alles aus, deutlich mehr Widerstand leistet noch Df7, verliert aber auch
klar, Stockfish -8,00} 40. Ng4 {besser ist e6, hier aber schon egal,
Stockfish +6,60} Rd8 41. Rxd8+?? {ein ganz schlechter Zug, der etwa 4
Bauerneinheiten ! einbüsst, Stockfish +2,80, nötig ist Td4 !} Qxd8 42.
Nf6?? {so schnell kann es gehen bei Oldies, gerade noch eine Gewinnstellung
mit +8,00, und nun wird der Sieg bereits verschenkt, nach dem Textzug ist
die Partie Remis, Weiss kommt nicht mehr aus dem Schach, gewonnen hätte
Kg2} Qd1+ 43. Kg2 Qd2+ 44. Kf3 Qd1+ 45. Qe2 Qh1+ 46. Kg3 Qg1+ 47. Qg2 Qd4?
{ein schlechter Zug, danach ist Weiss wieder klar im Vorteil, Stockfish
-1,20, nötig ist De1+ und Weiss kommt nicht aus dem Schach.} 48. Qf2 Qd3+?
{danach ist die Partie bereits klar verloren, deutlich besser ist noch Dd1,
Stockfish -2,80} 49. Kg2?? {so aber nicht, verschenkt neuerlich den Sieg,
danach ist die Partie wieder Remis, gewonnen hätte Df3 !} Qb3??? {absoluter
Verlustzug, Stockfish -5,50, das Remis gesichert hätte Le7 !} 50. Qa7???
{und gleich wieder alles im Eimer, Remis !, gewonnen hätte De2 !} Qxb2+
{auch nicht optimal, das Remis gesichert hätte Dc2+, danach wäre
Dauerschach möglich, Stockfish -0,60} 51. Kf3 {etwas Vorteil hätte Df2
gebracht, nach dem Textzug ist es wieder Remis durch Dauerschach.} Qb3+ 52.
Kg4 Qe6+ 53. Kg3 Qb3+ 54. Kf2 Qc2+ 55. Kf3 Qd1+ 56. Kg2 Qe2+ 57. Kg1 Qe1+
58. Kg2 Qd2+??? {ein absoluter Verlustzug, danach ist die Partie wieder
sofort verloren, Stockfish -7,00, natürlich De2+ mit Dauerschach, einfach
unfassbar !!} 59. Kg3??? {und verschenkt sofort wieder alles, Remis !,
gewonnen hätte natürlich Df2 !} Qd3+ 60. Kg2 Qc2+ 61. Kf3 Qd3+ 62. Kf2 Qd2+
63. Kf3 Qd1+ 64. Kg2 Qc2+ 65. Kf3 {Stellungswiederholung} 1/2-1/2
[/pgn]
[pgn]

[Event "Turnier 40 / 120"]
[Site "Wien"]
[Date "2024.10.13"]
[Round "31"]
[White "Fidelity Designer 2325"]
[Black "Mephisto Berlin 68000"]
[Result "1-0"]
[BlackElo "2128"]
[WhiteElo "2114"]

{Analyse: ----> Stockfish 16} 1. d4 d5 2. c4 c6 3. Nf3 Nf6 4. cxd5 cxd5 5.
Nc3 Nc6 6. Bf4 Bf5 7. e3 e6 8. Ne5 Nd7 9. Nxc6 bxc6 10. Be2 {Buchende} Qb6
{Buchende} 11. Qd2 {Buchbewertung Fidelity Designer 2325: -0,01} Bb4
{Buchbewertung Mephisto Berlin 68000: -0,12 / lt. Stockfish steht Weiss
etwas besser mit ca. +0,50} 12. a3 Be7 13. O-O c5?? {lt. Stockfish bereits
ein Verlustzug, -2,00, nötig ist g5 oder 0-0 beides mit ca. -0,50} 14. Na4!
{richtig} Qc6 15. Nxc5 Nxc5 16. dxc5 {besser ist Dc3, Stockfish +1,50} Qxc5
17. Rac1 Qb6 18. Bc7 Qb3 19. Rc3 Qb7? {ein schlechter Zug, danach ist die
Partie bereits verloren, Stockfish -2,40, deutlich besser ist Da4} 20. Be5
{deutlich schwächer als Lg3, Stockfish +1,60} f6?? {ganz schlecht, danach
ist die Partie bereits klar verloren, Stockfish -3,50, nötig ist 0-0} 21.
Rc7 Qb6 22. Bg3 Rb8 23. b4 e5 24. Rfc1 Rd8 {besser ist noch De6, Stockfish
-5,00} 25. Qd1 {besser ist T1c6, aber auch der Textzug gewinnt klar,
Stockfish +3,80} d4 26. Qa4+ Kf8 27. Rxa7? {ein schwacher Zug, klar zu
bevorzugen ist T1c6, Stockfish +3,00} d3 28. Bh5 {besser ist Ld1, Stockfish
+2,50} Bg6 29. Bxg6 {besser ist Tc6, Stockfish +2,20} d2? {ein schwacher
Zug, klar zu bevorzugen ist hxg6, Stockfish -3,00} 30. Rd1 hxg6 31. Rd7
Rxd7 32. Qxd7 Qa6 33. Rxd2 Qc4 34. Qd3 Qxd3 35. Rxd3 {Nach dem Damentausch
sollte es nur noch eine Formalität sein für Weiss, die 2 geschlossenen
Freibauern müssen natürlich gewinnen, hier beende ich die weitere
Kommentierung, es sei denn es passiert noch ein Megabock.} Kf7 36. f3 Rc8
37. Kf1 Rc1+ 38. Be1 Ke6 39. Ke2 Ra1 40. e4 Ra2+ 41. Bd2 f5 42. Ke1 Ra1+
43. Kf2 Ra2 44. Kf1 Ra1+ 45. Be1 Bg5 46. g3 Ra2 47. b5 Be7 48. b6 Ra1 49.
Ke2 Rb1 50. Bf2 Ra1 51. g4 Ra2+ 52. Rd2 Rxa3 53. Rb2 Bd6 54. b7 Bb8 55.
Rb6+ Kf7 56. exf5 gxf5 57. gxf5 Ra2+ 58. Kf1 Ra3 59. Kg2 Ra2 60. h4 Rc2 61.
h5 Rd2 62. Kf1 Rd1+ 63. Be1 Rd6? {hier ist es schon egal, aber noch einen
Turmabtausch anzubieten beschleunigt natürlich den Untergang / Stockfish
Matt in 24} 64. Rxd6 Bxd6 65. Bc3 Bb8 66. Ke2 Ke7 67. Ke3 Kf7 68. Ke4 Kg8
69. Bxe5 Ba7 70. Kd5 Kf7 71. Kc4 Kf8 72. Kb5 Ke7 {Mephisto Berlin 68000:
-12,3 ---> aufgegeben / Matt in 8} 1-0
[/pgn]
[pgn]

[Event "Turnier 40 / 120"]
[Site "Wien"]
[Date "2024.10.14"]
[Round "32"]
[White "Mephisto Berlin 68000"]
[Black "Fidelity Designer 2325"]
[Result "1-0"]
[BlackElo "2114"]
[WhiteElo "2128"]

{Analyse: -----> Stockfish 16} 1. Nf3 f5 2. d4 Nf6 {Buchende} 3. g3 e6 4.
Bg2 Be7 {Fidelity Designer 2325 wieder im Buch.} 5. c4 O-O 6. O-O d6 7. Nc3
Qe8 8. Qc2 Qh5 9. Bg5 Nc6 10. Rad1 {Buchende} e5 {keine optimale
Buchvariante, klar zu bevorzugen ist h6.} 11. dxe5 {Buchbewertung Mephisto
Berlin 68000: +0,42} Nxe5 {auch das ist klar schlechter als dxe5, aber hier
kein Fragezeichen, für das Buch kann ja das Programm nichts.} 12. Nxe5
{etwas besser ist Lf4} Qxg5 {Buchbewertung Fidelity Designer 2325: -0,31 /
eine schwache Eröffnung von Schwarz lt. Stockfish steht Weiss klar besser
mit ca. +1,20} 13. Nf3 Qh5 {besser ist Dh6, Stockfish -1,50} 14. Nd5 Nxd5
15. cxd5 Bd8 16. e3 Re8 17. Rc1 Kh8 18. Nd4 a5 19. Bf3 Qg6 20. Qc3 Bd7 21.
Qb3 Rb8 22. Bg2 Re5 23. Qc3 Re8 24. Rc2 Ra8 25. Rfc1 Ra6? {ein ganz
schlechter Zug, danach ist die Partie bereits klar verloren, Stockfish
-2,60, deutlich besser ist a4 mit ca. -1,50} 26. Bf1! {richtig} Ra8 27. Qb3
Ra7? {nochmals weit schwächer als b6 oder Tb8, danach ist bereits alles
aus, Stockfish -4,00} 28. Bb5 c6 {etwas besser ist noch Lxb5, aber hier ist
es schon egal, Stockfish -4,50} 29. dxc6 bxc6 30. Bxc6 Bxc6 31. Rxc6 Rd7
32. Qd3 Rf8 33. Nb5 Rf6 34. Qd5 Re6? {nochmals klar schwächer als h6, aber
wie gesagt alles egal, Stockfish -5,70} 35. Rd1 {besser ist Tc8, Stockfish
+5,00} h6 36. b3 {besser ist Sd4, Stockfish +4,50} Kh7 37. Rd2 Qf6 38. Ra6
g6 39. Rd4 Re5 40. Qc6 Qe7 41. Rxd6 Rxd6 42. Nxd6 Re6 43. Qd5 Qd7 44. Qd4
Bf6 45. Ra7 Bxd4 46. Rxd7+ {gut nach dem Damentausch ist natürlich auch
jede theoretische Möglichkeit auf ein Dauerschach dahin, danach kann man
sich den Rest getrost schenken, Userentscheid: 1-0} 1-0
[/pgn]
[pgn]